| 000 | 01038cab a2200277 4500 | ||
|---|---|---|---|
| 001 | ABS55815 | ||
| 008 | 090401t1996 xxu||||| |||| 00| 0 eng d | ||
| 035 | _a(Sirsi) u18948 | ||
| 041 | _aeng | ||
| 100 | _aMurrells, P. | ||
| 245 | _aIndemnity insurance implications of the CDM Regulations Act 1994 | ||
| 260 | _c1996 | ||
| 350 | _a0 | ||
| 490 |
_aStructural Survey _v14(3) September 1996, 44-45(2) |
||
| 520 | _aDiscusses the indemnity insurance implications of the CDM Regulations. Breach of the regulations is a criminal offence and insurers won`t pay fines imposed on conviction or indemnify for the inconvenience of a term of imprisonment. | ||
| 650 | _aCONSTRUCTION (DESIGN AND MANAGEMENT) REGULATIONS 1994 | ||
| 650 | _aPLANNING SUPERVISORS | ||
| 650 | _aPROFESSIONAL INDEMNITY INSURANCE | ||
| 650 | _aPROPERTY MISDESCRIPTIONS ACT 1991 | ||
| 650 | _aSITE SAFETY | ||
| 650 | _aSUBCONTRACTORS | ||
| 690 | _aBUILT ENVIRONMENT-BUILDING STANDARDS | ||
| 690 |
_aINSURANCE _96249 |
||
| 942 | _n0 | ||
| 948 | _c04/03/1997 | ||
| 999 |
_c12606 _d12606 |
||